Responses for show #368 - Wednesday, February 5, 1986

Paul Rouffa game 2.

Contestants

Judy Hedden, a database representative originally from San Francisco, California

Steve Wenrick, a programmer originally from Reading, Pennsylvania

Paul Rouffa, an actor from Forest Park, Illinois (whose 1-day cash winnings total $10,000)

Jeopardy! Round responses

CRIME & PUNISHMENT
(Alex: Following that with a Southern California category...)
ASTROLOGY
"J" WORDS
TRANSPORTATION
BIRDS
COOKING TERMS
    $100 7
the Jews

Steve
    $100 4
Cancer

Steve
    $100 1
a jeep

Judy
    $100 21
Greyhound

Paul
    $100 10
they can't fly

Paul
    $100 22
baste

Paul
    $200 14
police

Steve
    $200 5
Gemini

Steve
    $200 2
Jive

Paul
    $200 24
[Note: The clue appeared on screen as indicated. Alex read the full names "Orville & Wilbur".]

on their stomachs

Paul
    $200 13
(Steve: What is a blue jay?)

a cardinal

PaulSteve
    $200 23
blanch

Judy
    $300 15
Dillinger

Steve
    $300 6
Venus

Paul
    $300 3
your jug

Steve
    $300 25
a railroad

Steve
    $300 17
a gosling

Steve
    $300 26
deviled

Judy
    $400 16
(Judy: What is jewels?)
(Steve: What is art?)
...
(Alex: I believe both Steve and Judy made a mistake there in not reading the clue correctly. "This type of thief." He was [*]. [*]. He stole art. He stole jewels. He stole furs. He stole silverware. He stole 150 million dollars worth of, as Chuck Barris used to say, "stuff!" Lots of stuff.)

a burglar

SteveJudy
Triple Stumper
    $400 8
the Earth

Judy
    $400 11
jetsam

Steve
    $400 18
(Paul: What is a crow?)
(Judy: What is a myna?)
(Steve: What is a mockingbird?)
...
(Alex: They are the thieving [*].)

magpies

PaulSteveJudy
Triple Stumper
    $400 27
(Steve: What is poached?)

coddling

PaulSteve
    $500 20
Dreyfus

Judy
    $500 9
the sun, the moon, & your rising sign

Triple Stumper
    $500 12
juxtaposition

Steve
    $400 19
(Alex: You already have a 1000 dollar lead. How much are you going to risk?)
(Steve: I have a tin ear.)
...
(Steve: What is a robin?)

the bluebird

Steve
    $500 28
braising

Triple Stumper

Scores at the first commercial break (after clue 17):

Paul Steve Judy
$800 $1,800 $100

Scores at the end of the Jeopardy! Round:

Paul Steve Judy
$1,200 $900 $700

Double Jeopardy! Round responses

WORLD CITIES
SPORTS
ENGLISH HISTORY
WOMEN
CORPORATE AMERICA
"CRY"ING SONGS
    $200 1
Marseilles

Paul
    $200 8
(Judy: The [*].)
(Alex: Phrasing.)
(Judy: What is [*]?)
(Alex: Thank you.)

serving team

Judy
    $200 6
Conservatives

Steve
    $200 15
(Alex: Worth over a quarter of a million dollars.)

Joan of Arc

Steve
    $200 7
Hershey

Paul
    $200 18
(Judy: What is "Rag Doll"?)

"Big Girls Don't Cry"

Judy
Triple Stumper
    $400 2
Windsor

Paul
    $400 9
Westminster Abbey

Judy
    $400 10
excommunication

Paul
    $400 24
Dorothy Parker

Paul
    $400 16
(Steve: What is Western Union?)
(Paul: What is Federal Express)
...
(Alex: You guys were missing the obvious one, [*].)

UPS (United Parcel Service)

PaulSteve
Triple Stumper
    $400 19
(Paul: What is "Don't Let The Day See You Crying"?)
...
(Judy: [*].)
(Alex: What is [*]?)
(Judy: [While Alex is speaking] What is [*]? You came close, Paul, but not good enough.)

"Don't Let The Sun Catch You Crying"

PaulJudy
    $600 3
Jakarta

Judy
    $600 11
a passport

Paul
    $600 14
the tank

Paul
    $600 25
a bunny tail

Paul
    $600 17
United Artists

Paul
    $600 20
"Don't Cry Out Loud"

Paul
    $800 4
(Steve: What is Ecuador?)
(Judy: What is Bolivia?)

Paraguay

SteveJudy
Triple Stumper
    $1,000 12
(Paul [immediately after Alex finishes the clue]: What is [*]?)
(Alex: Way to go. Fast, too. Nice going.)

1947

Paul
    $800 28
Henry VIII

Steve
    $800 26
the harpsichord

Paul
    $800 22
DuPont

Steve
    $800 21
"Cry Me A River"

Steve
    $1000 5
(Alex: repeats the phrase "haven of peace" at the end of this clue while waiting for someone to ring in.)

Dar es Salaam

Triple Stumper
    $1000 13
Benjamin Spock

Judy
    $1000 30
(Steve: Who is Sir Walter Raleigh?)

(Sir) Francis Drake

PaulSteve
    $1000 27
Angela Davis

Judy
    $1000 23
L.A.

Paul
    $1,000 29
(Steve: No idea.)

"Crying In The Chapel" & "Don't Cry Daddy"

Steve

Scores at the end of the Double Jeopardy! Round:

Paul Steve Judy
$8,800 $500 $3,300
(lock game)

[wagering suggestions for these scores]

Final Jeopardy! Round responses

ACTORS & ROLES
SteveWho is Albert Finney
$498
JudyWho is Albert Finney?
$3,300
PaulWho is L. Olivier?
$2,199
Jimmy Cagney (for George M. Cohan), Ronald Colman, or Richard Dreyfuss

Final scores:

Paul Steve Judy
$6,601 $2 $0
2-day champion: $16,601 2nd place: Pinseeker golf clubs and Serengeti Drivers sunglasses 3rd place: Allister garage door opener

Game dynamics:

Coryat scores:

Paul Steve Judy
$8,600 $1,900 $3,300
22 R
(including 1 DD),
3 W
15 R,
9 W
(including 2 DDs)
11 R,
4 W

Combined Coryat: $13,800

The J! Archive is created by fans, for fans. The Jeopardy! game show and all elements thereof, including but not limited to copyright and trademark thereto, are the property of Jeopardy Productions, Inc. and are protected under law. This website is not affiliated with, sponsored by, or operated by Jeopardy Productions, Inc. Join the discussion at JBoard.tv.